000 00611nam a2200229Ia 4500
003 OSt
005 20220925232634.0
006 a|||||r|||| 00| 0
007 ta
008 220923b |||||||| |||| 00| 0 eng d
037 _cGeneral Book
040 _aRTL
_cRTL
_beng
041 _2eng
_aeng
082 _aX7.2.N7, L4
100 _aBhargava P K
245 0 _aCurrent problems of Indian public finances
260 _aMysore
_bGeeta Book House India
_c1974
300 _a193p.
_ccm.
650 _aFinance
942 _hX7.2.N7, L4
_cGB
_2CC
999 _c591751
_d591751